000
00303nam a22001337a 4500
008
170809b xxu||||| |||| 00| 0 eng d
020
_a
3486204580
041
_a
ger
080
_a
004
100
_a
35
101
_a
SHK
245
_a
PRODUKTIONS- PLANUNG UN - STEUERUNG -PPS
_c
LOOS,P
942
_2
udc
_c
BK
999
_c
23021
_d
23021